Con la sonrisa de Dios /
Colección:
San Jorge,
; núm. 12 (octubre 1953), pàg 29-37
Materias:
Casa de Maternitat i Expòsits de Barcelona -- Història
; Expòsits -- Barcelona (Província)
; Barcelona (Catalunya) -- Vida social i costums -- S. XX
Idioma:
Español
MARC
| LEADER | 00000naa a2200000 a 4500 | ||
|---|---|---|---|
| 003 | Arxiu | ||
| 005 | 20260324181039.0 | ||
| 008 | 160829s1953 spcaxx s spa c | ||
| 040 | |a agdb | ||
| 100 | |a Oliveras, Alberto |9 29543 | ||
| 245 | 1 | 0 | |a Con la sonrisa de Dios / |c por Alberto Oliveras |
| 490 | |a San Jorge, |v núm. 12 (octubre 1953), pàg 29-37 | ||
| 590 | |a Conté 11 fotografies | ||
| 610 | 1 | 0 | |9 17620 |a Casa de Maternitat i Expòsits de Barcelona |x Història |
| 650 | 0 | |a Expòsits |9 31096 |z Barcelona (Província) | |
| 651 | 0 | |a Barcelona (Catalunya) |x Vida social i costums |y S. XX |9 52686 | |
| 773 | |g Núm. 12 (octubre 1953), pàg 29 - 37 |t San Jorge. | ||
| 901 | |a Arxiu | ||
| 942 | |n 1 |2 udc |c ART | ||
| 952 | |0 0 |1 0 |4 0 |6 REV508 |7 1 |9 64464 |a Arxiu |b Arxiu |d 2022-11-30 |o Rev-508 |r 2022-11-30 00:00:00 |w 2022-11-30 |y ARXIU |z També disponible a Rev-522 | ||
| 999 | |c 48817 |d 48817 | ||